Electrical machine design (Record no. 545446)
[ view plain ]
| 000 -LEADER | |
|---|---|
| fixed length control field | 00590nam a22001577a 4500 |
| 082 ## - DEWEY DECIMAL CLASSIFICATION NUMBER | |
| Classification number | 621.313 |
| Author Mark | GRA |
| -- | L-10, P-19 |
| 100 ## - MAIN ENTRY--PERSONAL NAME | |
| Personal name | Gray, Alexender |
| 9 (RLIN) | 41301 |
| 245 ## - TITLE STATEMENT | |
| Title | Electrical machine design |
| Remainder of title | The design and specification of direct and alternating current machinery |
| Statement of responsibility, etc. | Gray, Alexender |
| 250 ## - EDITION STATEMENT | |
| Edition statement | 2nd ed. |
| 260 ## - PUBLICATION, DISTRIBUTION, ETC. | |
| Place of publication, distribution, etc. | New york, london |
| Name of publisher, distributor, etc. | McGraw-Hill Company |
| Date of publication, distribution, etc. | 1926 |
| 300 ## - PHYSICAL DESCRIPTION | |
| Extent | xiv, 523 p. |
| Other physical details | ill. |
| Dimensions | 22 cm. |
| 526 ## - STUDY PROGRAM INFORMATION NOTE | |
| Program name | 0 |
| Interest level | 0 |
| Reading level | 0 |
| Title point value | 621_313000000000000_GRA |
| 650 ## - SUBJECT ADDED ENTRY--TOPICAL TERM | |
| Topical term or geographic name entry element | MCE |
| 9 (RLIN) | 379 |
| 650 ## - SUBJECT ADDED ENTRY--TOPICAL TERM | |
| Topical term or geographic name entry element | The design and specification of direct and alternating current machinery |
| 9 (RLIN) | 41302 |
| 942 ## - ADDED ENTRY ELEMENTS (KOHA) | |
| Source of classification or shelving scheme | |
| Koha item type | Book |
| Withdrawn status | Lost status | Source of classification or shelving scheme | Damaged status | Not for loan | Permanent Location | Current Location | Date acquired | Total Checkouts | Full call number | Barcode | Date last seen | Price effective from | Koha item type |
|---|---|---|---|---|---|---|---|---|---|---|---|---|---|
| Military College of Engineering (MCE) | Military College of Engineering (MCE) | 05/22/2014 | 621.313 GRA | MCE-30408 | 05/22/2014 | 05/22/2014 | Book |
